000
00346nam a2200145Ia 4500
008
231217s9999 xx 000 0 und d
041
_a
English
082
_a
153.9 KUN;2 R1
100
_a
Kundan, K
245
0
_a
Commonsence reasoning
260
_c
NULL
_b
BSC Publi.
_a
Delhi
300
_a
581
400
_a
Magical book series
942
_c
AA
999
_c
175125
_d
175125